Embodied consciousness : (Record no. 167575)

MARC details
000 -LEADER
fixed length control field 00826cam a2200253 i 4500
008 - FIXED-LENGTH DATA ELEMENTS--GENERAL INFORMATION
fixed length control field
020 ## - INTERNATIONAL STANDARD BOOK NUMBER
International Standard Book Number 9781137320049 (pbk. )
049 ## - LOCAL HOLDINGS (OCLC)
Holding library MAIN
090 ## - LOCALLY ASSIGNED LC-TYPE CALL NUMBER (OCLC); LOCAL CALL NUMBER (RLIN)
Classification number (OCLC) (R) ; Classification number, CALL (RLIN) (NR) PN1590.P76
Local cutter number (OCLC) ; Book number/undivided call number, CALL (RLIN) EMB
003 - CONTROL NUMBER IDENTIFIER
control field
005 - DATE AND TIME OF LATEST TRANSACTION
control field 20230123141107.0
040 ## - CATALOGING SOURCE
Transcribing agency NUST
245 00 - TITLE STATEMENT
Title Embodied consciousness :
Remainder of title performance technologies /
Statement of responsibility, etc. edited by Jade Rosina McCutcheon and Barbara Sellers-Young.
260 ## - PUBLICATION, DISTRIBUTION, ETC.
Place of publication, distribution, etc. Houndmills :
Name of publisher, distributor, etc. Palgrave Macmillan,
Date of publication, distribution, etc. 2013.
300 ## - PHYSICAL DESCRIPTION
Extent xiii, 229 p. ;
Dimensions 23 cm
500 ## - GENERAL NOTE
General note Includes index.
504 ## - BIBLIOGRAPHY, ETC. NOTE
Bibliography, etc. note Includes biblographical references.
650 #0 - SUBJECT ADDED ENTRY--TOPICAL TERM
Topical term or geographic name entry element Performing arts
General subdivision Psychological aspects
650 #0 - SUBJECT ADDED ENTRY--TOPICAL TERM
Topical term or geographic name entry element Consciousness
700 1# - ADDED ENTRY--PERSONAL NAME
Personal name McCutcheon, Jade Rosina
700 1# - ADDED ENTRY--PERSONAL NAME
Personal name Sellers-Young, Barbara
907 ## - LOCAL DATA ELEMENT G, LDG (RLIN)
a .b1039011x
b 07-03-18
c 07-03-18
942 ## - ADDED ENTRY ELEMENTS (KOHA)
Koha item type Ordinary Loan Books
Call number prefix PN1590.P76
Call number suffix EMB
Holdings
Date last seen Total Checkouts Full call number Barcode Cost, replacement price Price effective from Koha item type Lost status Source of classification or shelving scheme Damaged status Not for loan Collection Withdrawn status Home library Current library Shelving location Date acquired Cost, normal purchase price
01/23/2023   PN1590.P76 EMB 92004044279 80.00 01/23/2023 BOOKS   LCC     NFIC   MAIN MAIN GEN 01/23/2023 80.00